| 000 | 00415nam a2200169Ia 4500 | ||
|---|---|---|---|
| 008 | 180921t1997 xxu||||| |||| 00| 0 eng d | ||
| 041 | _aeng | ||
| 080 |
_a581.5 _bRAN |
||
| 100 | _aRaheem, Ryhana | ||
| 245 | 4 | _aThe Sinharaja rain forest | |
| 260 |
_b _c1997 |
||
| 300 | _a22p., ill., 22 cm | ||
| 650 |
_aEnvironment _aForest _aWild |
||
| 942 | _cBK | ||
| 999 |
_c18727 _d18727 |
||
| 003 | LK-CoDNM | ||
| 040 |
_aLK-CoDNM _dLK-CoDNM _eLK-CoDNM |
||